Normal view
MARC view
Entry Personal Name
001 - CONTROL NUMBER
- control field: 243753
003 - CONTROL NUMBER IDENTIFIER
- control field: OSt
005 - DATE AND TIME OF LATEST TRANSACTION
- control field: 20251104112013.0
008 - FIXED-LENGTH DATA ELEMENTS
- fixed length control field: 251104|| aca||aabn | a|a d
040 ## - CATALOGING SOURCE
- Original cataloging agency: OSt
- Transcribing agency: OSt
100 ## - HEADING--PERSONAL NAME
- Personal name: VIRABHADRA CHANNAMALLA SVAMIJI.
- Dates associated with a name: ವೀರಭದ್ರ ಚನ್ನಮಲ್ಲ ಸ್ವಾಮೀಜಿ
670 ## - SOURCE DATA FOUND
- Source citation: Work cat.: (OSt)114598: VIRABHADRA CHANNAMALLA SVAMIJI. ವೀರಭದ್ರ ಚನ್ನಮಲ್ಲ ಸ್ವಾಮೀಜಿ, Matadeeshara marma., 2003